Knots, topology and quantum field theories : proceedings of the Johns Hopkins Workshop on Current Problems in Particle Theory 13, Florence, 1989 (June 14-16) /
Guardado en:
| Autor Corporativo: | |
|---|---|
| Otros Autores: | |
| Formato: | Libro |
| Idioma: | English |
| Publicado: |
Singapore :
World Scientific,
c1989.
|
| Etiquetas: |
Agregar Etiqueta
Sin Etiquetas, Sea el primero en etiquetar este registro!
|
| LEADER | 02778nam a22001935a 4500 | ||
|---|---|---|---|
| 001 | MAT.inmabb003769 | ||
| 008 | 060214s1989####si#a#####b####100#0#eng#d | ||
| 005 | 20130311152551.0 | ||
| 245 | 1 | 0 | |a Knots, topology and quantum field theories : |b proceedings of the Johns Hopkins Workshop on Current Problems in Particle Theory 13, Florence, 1989 (June 14-16) / |c edited by L. Lusanna. |
| 260 | |a Singapore : |b World Scientific, |c c1989. | ||
| 300 | |a viii, 652 p. : |b il. ; |c 23 cm. | ||
| 504 | |a Incluye referencias bibliográficas. | ||
| 505 | 0 | |a C. J. Isham, Quantization on the lattice of topologies -- Lee Smolin, Loop representation for quantum gravity in $2+1$ dimensions -- Carlo Rovelli, Are knots quantum states of space time? -- J. E. Nelson and T. Regge, Canonical $(2+1)$-dimensional quantum gravity -- F. Colomo, Classical observables of the Nambu string from the many-time approach -- E. Guadagnini, M. Martellini and M. Mintchev, Chern-Simons field theory and link invariants -- A. Schwimmer, Canonical quantization of Chern-Simons-Witten Lagrangians and their connection to CFT -- A. Blasi [Alberto Blasi], Basic cohomology and topological quantum field theories -- L. H. Kauffman, Knots, abstract tensors and the Yang-Baxter equation -- J. Fröhlich, F. Gabbiani and P. A. Marchetti, Superselection structure and statistics in three-dimensional local quantum theory -- Germán Sierra, Duality and quantum groups -- O. Babelon, The role of the Yang-Baxter equation in conformal field theory -- Zhong Qi Ma, Quantum ${ rm sl}(2)$ enveloping algebra and representations of braid group -- H. Saleur, Virasoro and Temperley Lieb algebras -- Marc Rosso, The universal $R$-matrix for the quantum ${ rm SL}(N)$-group -- Adel Bilal, Fusion and braiding in $W$-algebra extended and coset conformal theories -- J. Lacki and Ph. Zaugg, Comments on conformal embeddings and factorization of braiding matrices -- V. K. Dobrev, Character formulae for $U_q({ rm sl}(3,C))$ representations -- S. Lazzarini and R. Stora, Ward identities for Lagrangian conformal models -- Loriano Bonora, $b$-$c$ systems and conformal field theory -- Feza Gürsey, Discrete Jordan algebras and superstring symmetries -- Marcello Ciafaloni, Strings and gravity at Planckian energies -- Ferruccio Feruglio, Gravitino interactions and nonlinear realization of supersymmetry -- B. de Wit, The supermembrane mass spectrum -- M. Chaichian, D. Le u i tes and J. Lukierski, A new doubly infinite-dimensional superalgebra with central extension. | |
| 510 | 4 | |a MR, |c 92h:81008 | |
| 020 | |a 9810201265 | ||
| 111 | 2 | |a Johns Hopkins Workshop on Current Problems in Particle Theory |n (13º : |d 1989 : |c Florencia, Italia) | |
| 700 | 1 | |a Lusanna, L. |4 edt | |
| 084 | |a 81-06 (17-06 57-06) |2 msc2000 | ||
| 859 | |h 81 |i J65 |p A-7542 |b BIB. MATEMATICA | ||
